Pratibhādarśana. (Record no. 61235)

MARC details
000 -LEADER
fixed length control field 00617cam a22002411 4500
001 - CONTROL NUMBER
control field sa 64009069
003 - CONTROL NUMBER IDENTIFIER
control field DLC
005 - DATE AND TIME OF LATEST TRANSACTION
control field 20260227112059.0
008 - FIXED-LENGTH DATA ELEMENTS--GENERAL INFORMATION
fixed length control field 900123s1964 ii ab b 000 0 hino
010 ## - LIBRARY OF CONGRESS CONTROL NUMBER
LC control number sa 64009069
035 ## - SYSTEM CONTROL NUMBER
System control number (OCoLC)20946995
040 ## - CATALOGING SOURCE
Original cataloging agency DLC
Transcribing agency WaU
Modifying agency DLC
042 ## - AUTHENTICATION CODE
Authentication code premarc
050 00 - LIBRARY OF CONGRESS CALL NUMBER
Classification number PK575
Item number .J6
100 1# - MAIN ENTRY--PERSONAL NAME
Personal name Joshi, Hari Shankar.
245 10 - TITLE STATEMENT
Title Pratibhādarśana.
260 ## - PUBLICATION, DISTRIBUTION, ETC.
Date of publication, distribution, etc. [1964]
300 ## - PHYSICAL DESCRIPTION
Extent 22, 580 p.
Other physical details illus., maps.
Dimensions 23 cm.
500 ## - GENERAL NOTE
General note In Hindi.
504 ## - BIBLIOGRAPHY, ETC. NOTE
Bibliography, etc. note Bibliographical footnotes.
650 #0 - SUBJECT ADDED ENTRY--TOPICAL TERM
Topical term or geographic name entry element Sanskrit language
General subdivision Syntax.
650 #0 - SUBJECT ADDED ENTRY--TOPICAL TERM
Topical term or geographic name entry element Hindi language
General subdivision Syntax.

No items available.

Powered by Koha